|
|
|
|
| LEADER |
01142njm a2200325 a 4500 |
| 001 |
000386437 |
| 003 |
CZ BrMZK |
| 005 |
19950101143423.0 |
| 008 |
950101s1993 xr f cze d |
| 028 |
0 |
3 |
|a 81 1124-4 131
|b Panton
|
| 040 |
|
|
|a BOA001
|b cze
|
| 080 |
|
|
|a 785.74:787.1/.3(086.7)
|2 MRF
|
| 100 |
1 |
|
|a Vranický, Pavel,
|d 1756-1808
|7 jn19990010027
|4 cmp
|
| 245 |
1 |
0 |
|a Smyčcové kvartety op. 16, č. 4-6
|h [zvukový záznam] /
|c Pavel Vranický.
|
| 246 |
3 |
3 |
|a Quartet No. 6 in D minor
|
| 246 |
3 |
3 |
|a Quartet No. 4 in F major
|
| 246 |
3 |
3 |
|a Quartet No. 5 in C major
|
| 260 |
|
|
|a Praha :
|b Panton,
|c p1993
|
| 300 |
|
|
|a 1 MC :
|b stereo, Dolby B +
|e 1 slož. list.
|
| 306 |
|
|
|a 010303
|
| 500 |
|
|
|a Nahr. 1992
|
| 500 |
|
|
|a Durata 63:03
|
| 505 |
0 |
|
|a Quartet No. 4 in F major, Quartet no. 5 in C major, Quartet No. 6 in D minor.
|
| 511 |
0 |
|
|a Stamicovo kvarteto
|
| 653 |
0 |
|
|a smyčcové kvartety
|
| 710 |
2 |
|
|a Stamicovo kvarteto
|7 mzk2003194945
|4 prf
|
| 910 |
|
|
|a BOA001
|b KZ-0002.001
|
| 964 |
|
|
|a Kvartety smyčcové
|x MC
|
| 990 |
|
|
|a AV
|
| 996 |
6 |
|
|b 261H002033
|c KZ-0002.001
|l MZK
|r Sklad / do 24 hodin
|n 0
|w 000386437
|u 000010
|a 1
|e BOA001
|j MZK50
|s P
|